| 000 | 00735nam a2200217Ia 4500 | ||
|---|---|---|---|
| 003 | GCL | ||
| 008 | 140319s9999 xx 000 0 ara d | ||
| 040 |
_aGCL / _cGCL |
||
| 082 | 0 | 4 |
_a745.61916 _bب خ |
| 100 | 1 | _aبلال عبدالوهاب الرفاعى | |
| 245 | 1 | 0 |
_aخط الرقعة : دراسة وتمارين / _cبلال عبدالوهاب الرفاعى |
| 700 | 1 | _aمحيى الدين نجيب بادنجكى | |
| 250 | _aالاولى | ||
| 260 |
_aسوريا : _bدار القلم العربى ، _c1999 |
||
| 300 |
_a79 ص ؛ _c28 سم |
||
| 650 | 0 | 4 | _aالخط العربى |
| 650 | 0 | 4 | _aالكتابة العربية |
| 650 | 0 | 4 | _aالنقوش العربية |
| 650 | 0 | 4 | _aخط الرقعة |
| 942 |
_2ddc _cBK |
||
| 999 |
_c10097 _d10097 |
||